000 00532nam a2200181Ia 4500
008 191130s2002##################000#0#eng##
020 _a9780240515762
040 _aACL
_cACL
082 _a778.5 TAY
100 _aTaylor, Richard
245 _aEncyclopedia of animation techniques
_cRichard Taylor
260 _aOxford
_bFocal Press
_c2002
300 _a176 p. : ill. ; 23 cm
650 _aAnimation (Cinematography) -- Handbooks, manuals
990 _a9b6dc4a6ac10000c406f458e10e907fb
991 _a336046
999 _c160764
_d160764